000 00880nam a2200253Ia 4500
001 16504
003 GE_BSU
008 181216s||||||||xx |||||||||||||| ||und||
020 _a9785394013010
040 _cGE_BSU
080 _a543
100 _aВалова,(Копытина)В.Д. Паршина,Е.И.
245 _aАналитическая химия и физико-химические методы анализа
245 _bПрактикум
245 _cГл.ред.А.Е.Илларионова. Худ.В.А.Антинов
260 _aМосква
260 _bДашков и К
260 _c2015
300 _a200стр.илл.20см.
541 _h21л.
653 _aАналитическая химия и физико-химические методы анализа
653 _aანალიზური ქიმია
942 _cBK
999 _c49572
_d49572